000 01621nam0a2200373 4500
001 RU\NLR\bibl\94777
005 20260406044213.0
010 _a5-237-03532-9
_bАСТ
010 _a5-271-00111-3
_910000
_bАСТРЕЛЬ
021 _aRU
_b2000-6499
_9322
035 _a(NLR Aleph) 000092621
090 _a520168
_c520168
100 _a20000629d1999 |||y0rusy50 ca
101 1 _arus
_ceng
102 _aRU
105 _ay |||||||||
200 1 _aПроблемы родителей и их решение
_fБенджамин Спок
_g[Пер. с англ. А.Н. Мироновского]
210 _aМ.
_cАСТРЕЛЬ
_aНазрань
_cАСТ
_d1999
215 _a414, [1] с.
_d21
225 1 _aРебенок и уход за ним
225 1 _aМировой бестселлер!
300 _aПер. изд.: Problems of Parents /Benjamin Spock.- Cambridge, 1962
300 _aНа обороте тит. л. авт.: педиатр и педагог, д-р Спок
454 0 _12001#$aProblems of Prents$fBenjamin Spock
_1210##$aCambridge$d1962
_tProblems of Prents
606 0 _aДети
_jПопулярная литература
_xУход
_91370856
_3RU\NLR\auth\66260451
606 0 _aДети
_jПопулярные издания
_xУход
_91370856
_3RU\NLR\auth\66260451
686 _aР128.3я9
700 1 _4070
_8rus
_7ca
_aСпок
_bБ.
_f1903-1998
_gБенджамин
_3RU\NLR\auth\774126
_9114111
801 0 _aRU
_bNLR
_c20000629
_gPSBO
801 1 _aRU
_bNLR
_c20000629
852 _aNLR
_j2000-3/5429
942 _cBOOK
980 _aNB